| 000 | 00460cam a2200181ua 4500 | ||
|---|---|---|---|
| 001 | 2596 | ||
| 008 | 110829n ii |||gr||||Z||||||asm | ||
| 040 | _cMAIN | ||
| 082 | _a491.451 | ||
| 100 |
_aGoswami, Goluk Chandra, _eAuthor. |
||
| 245 | 1 | 1 |
_aAsamiya bhasar ucharan _cby Goluk Chandra Goswami |
| 250 | _a1st. | ||
| 260 |
_aGuahati: _bBina library, _c2002. |
||
| 300 |
_a221p: _c23cm. |
||
| 653 | _aLanguage | ||
| 653 | _aAsamiya bhasar ucharan | ||
| 942 | _cBK | ||
| 999 |
_c2449 _d2449 |
||